000 00785nam a2200253Ia 4500
003 OSt
005 20220918222718.0
006 a|||||r|||| 00| 0
007 ta
008 220917b |||||||| |||| 00| 0 eng d
024 _a217,957
037 _cTextual
040 _aARTS
_cARTS
_beng
041 _2eng
_aeng
082 _aV63:5.N9, P0
100 _aVilla-Vicencio Charles
_9143890
245 0 _aLooking back reaching forward
_b Reflections on the truth and reconciliation commission of South Africa
260 _aCapeTown
_bUniv. of Cape Town press
_c2000
300 _axxi, 322p
_ccm.
650 _aHISTORY
700 _a Verwoerd Wilhelm
_9143891
942 _hV63:5.N9, P0
_cTEXL
_2CC
999 _c276288
_d276288